000 00680nam a2200241Ia 4500
003 OSt
005 20220925215200.0
006 a|||||r|||| 00| 0
007 ta
008 220923b |||||||| |||| 00| 0 eng d
020 _a0435823353
037 _cGeneral Book
040 _aRTL
_cRTL
_beng
041 _2eng
_aeng
082 _aY:3(S5).3.N8, M3
100 _aGamarnikow Eva, and others Ed.
_9282337
245 0 _aPublic and the private
260 _aLondon
_bHeinemann
_c1983
300 _a180p
_ccm.
500 _aBibliography : P 160-176
942 _hY:3(S5).3.N8, M3
_cGB
_2CC
999 _c568130
_d568130